Statistics for Celebrities in Recovery! #2

Click here to take the quiz!

General Stats

  • This quiz has been taken 8 times
  • The average score is 8 of 16

Answer Stats

Answer% Correct
Lindsay Lohan
100%
Angelina Jolie
75%
Oprah Winfrey
75%
Drew Barrymore
63%
Fergie
63%
Jamie Lee Curtis
63%
Jane Lynch
50%
Jessica Simpson
50%
Kate Moss
50%
Kelly Osborne
50%
Pamela Anderson
38%
Demi Lovato
25%
Jada Pinkett Smith
25%
Mary J Blige
25%
Nicole Richie
25%
Edie Falco
13%

Score Distribution

Percentile by Number Answered

Percent of People with Each Score

Your Score History

You have not taken this quiz